Oceňovanie majetku a záväzkov v účtovníctve podnikateľov s akcentom na zmeny od roku 2016 bakalárska práca

Gespeichert in:
Bibliographische Detailangaben
1. Verfasser: Svetlíková, Silvia
Körperschaft: Fakulta hospodárskej informatiky EU. Katedra účtovníctva a audítorstva
Weitere Verfasser: Katríková, Daniela
Format: Buch
Sprache:Slowakisch
Veröffentlicht: Bratislava 2017
Tags: Tag hinzufügen
Keine Tags, Fügen Sie das erste Tag hinzu!

MARC

LEADER 00000nbm a2200000 4500
001 0233105
005 20180412142424.4
041 0 |a slo 
044 |a SK 
245 1 0 |a Oceňovanie majetku a záväzkov v účtovníctve podnikateľov s akcentom na zmeny od roku 2016  |b bakalárska práca  |c Silvia Svetlíková ; školiteľ: Daniela Katríková 
264 1 |a Bratislava  |c 2017 
300 |a 40 s. 
100 1 |a Svetlíková, Silvia 
700 1 |a Katríková, Daniela 
710 2 |a Fakulta hospodárskej informatiky EU. Katedra účtovníctva a audítorstva